000 00376nam a2200157Ia 4500
005 20240807062421.0
008 240806s9999||||xx |||||||||||||| ||eng||
041 _aeng
082 _a891.433
_bTAIG
100 _aRavindranath Tagore
245 0 _aGhar aur bahar /
_cRavindranath Tagore
260 _bSanmarg Prakashan Delhi
300 _a0
650 _aHindi
942 _cBK
999 _c18322
_d18322